000 00318nam a22001457a 4500
008 221011b ||||| |||| 00| 0 eng d
020 _a97805531110333
041 _aeng
080 _a61
082 _a61
100 _a5
101 _aMJP
245 _aWOMEN'S BODIES WOMEN'S WISDOM
_cNORTHRUP CH
942 _2udc
_cBK
999 _c58467
_d58467